000 00972cam a2200205 4500
001 WB3827-21
008 020725n2002 000 0 eng u
035 _a(Sirsi) u119051
245 _aForestry report published
260 _c2002
490 _aEnvironmental Audit Committee Press Release
_v(36) 24 July 2002, (3)
520 _aThe House of Commons Environmental Audit Committee has published its Sixth Report, "Buying time for forests". The report looks at the failure of the government to buy timber from sustainable and legal sources. The report concludes that government has not held to its commitment and makes a number of recommendations: the report can be found at http://www.parliament.uk/commons/sselcom/eahome.htm
590 _aWB
650 _aSUSTAINABLE DEVELOPMENT
650 _aFORESTRY
650 _aGOVERNMENT POLICY
690 _aRURAL-AGRICULTURE AND FORESTRY
856 _ahttp://www.parliament.uk/commons/selcom/eapnt36.htm
942 _n0
999 _c70821
_d70821